000 00512nam a2200181Ia 4500
005 20250508160758.0
008 008 250505s9999 xx 000 0 eng d
037 _aTextual
040 _aFEDL
_beng
_cFEDL
041 _aeng
_2eng
084 _a370.193, EVE
_qFEDL
100 _aEvetts Julia
_9284096
245 0 _aSociology of educational ideas
260 _aLondon, UK
_bRoutledge and Kegan Paul
_c1973
300 _aviii,168p.
942 _cTEXL
_h370.193, EVE
999 _c1366578
_d1366578